| 000 | 00764nam a2200241 i 4500 | ||
|---|---|---|---|
| 001 | 189221 | ||
| 003 | SpMaBN | ||
| 005 | 20240202063022.0 | ||
| 008 | 190426s2018 sp |||| | spa d | ||
| 020 | _a978-84-948216-5-3 | ||
| 080 | _a821.134.2-14"19" | ||
| 100 | 1 |
_aPascal Ros, Alfonso, _d1965- _989316 |
|
| 245 | 1 | 0 |
_aRegiones más comprometidas / _cAlfonso Pascal Ros. |
| 250 | _a1ª ed. | ||
| 260 |
_a[Siero] : _bArs Poetica, _c2018. |
||
| 300 |
_a56 p. ; _c21 cm. |
||
| 490 | 1 | _aCarpe diem | |
| 830 | 0 |
_aCarpe diem _9193267 |
|
| 852 |
_aES-MaACL _jA-14510 _9196359 _bR.152112 _cDEPO1 _dOlim: N-7510 _hDonación: Alfonso Pascal Ros |
||
| 903 |
_aPascal Ros, Alfonso, _d1965- _ednr _989316 |
||
| 942 |
_2udc _cMONOGRAFIA |
||
| 999 |
_c189221 _d189221 |
||